00601nam a22001577a 450000500170000000800410001702000180005804000100007608200160008610000300010224500850013226000440021730000290026150000270029065001260031720260303143901.0260303b |||||||| |||| 00| 0 eng d a9789387791138 cVITAP 223a500 PAR aParthasarathy, Malini Ed. aThe Hindu Speaks on Scientific Facts, Volume IIIc/ Dr. Malini Parthasarathy Ed. aChennaibTHG Publishing Pvt. Ltd.c2025 axxviii, 505p, ill.: 21cm aIt include index pages 0aPhysical Sciences, Earth & Environmental Sciences, Life Sciences, Science & Technology, Scientific Temper & Research etc.